000 00379nam a2200169Ia 4500
008 210210b1939 xxu||||| |||| 00| 0 eng d
041 _aeng
082 _a822/653
100 _aKNOX (Ronald)
245 _aLet dons delight
260 _aLondon
_bSheed and Ward
_c1939
650 _aLet
650 _adons
650 _adelight
690 _aEnglish Prose
906 _a012839
999 _c131661
_d131661